KOHA-Header-6

CompTIA Security+ Study Guide with Online Labs (Record no. 13451)

000 -LEADER
fixed length control field 00347nam a22001337a 4500
020 ## - INTERNATIONAL STANDARD BOOK NUMBER
ISBN 9781119784265
082 ## - DEWEY DECIMAL CLASSIFICATION NUMBER
Classification number 005.8
100 ## - MAIN ENTRY--AUTHOR NAME
Personal name Dulaney, Emmett ; Chuck Easton
245 ## - TITLE STATEMENT
Title CompTIA Security+ Study Guide with Online Labs
250 ## - EDITION STATEMENT
Edition statement Seventh Edition
260 ## - PUBLICATION, DISTRIBUTION, ETC. (IMPRINT)
Place of publication Indiana
Name of publisher John Wiley & Sons
Year of publication 2018
300 ## - PHYSICAL DESCRIPTION
Number of Pages xx, 463 pages
942 ## - ADDED ENTRY ELEMENTS (KOHA)
Koha item type Books
Holdings
Withdrawn status Lost status Collection code Permanent Location Current Location Shelving location Date acquired Full call number Accession Number Koha item type
    Computer Science MAJU MAJU Shelf No.A33 2022-11-24 005.8 10551 Books

Powered by Koha